Normal view
MARC view
Entry Personal Name
001 - CONTROL NUMBER
- control field: 23596
003 - CONTROL NUMBER IDENTIFIER
- control field: ARRUPE
005 - DATE AND TIME OF LATEST TRANSACTION
- control field: 20160407113949.0
008 - FIXED-LENGTH DATA ELEMENTS
- fixed length control field: 160407|| aca||aabn | a|a d
040 ## - CATALOGING SOURCE
- Original cataloging agency: ARRUPE
- Transcribing agency: ARRUPE
100 ## - HEADING--PERSONAL NAME
- Personal name: Hampson, Robert.
670 ## - SOURCE DATA FOUND
- Source citation: Work cat.: (ARRUPE)0: Conrad, Joseph, 1857-1924. 23592, Heart of darkness, 1995